000 00665nam a2200205 i 4500
001 158505
003 ES-MaACL
005 20230906211155.0
008 011115s1869 fr a |||| | fre d
040 _aCCPB | B
_bspa
_cCCPB | B
100 1 _aMagny, Jules.
_9129349
245 1 0 _aHistorie d'un morceau de verre /
_cpar Jules Magny.
260 _aParis :
_bP. Brunet,
_c1869.
300 _a216 p. :
_bil. ;
_c18 cm.
490 1 _aBibliothèque de la science pittoresque
650 4 _aVidrio.
_9150481
830 0 _aBibliothèque de la science pittoresque
_9187934
852 _aES-MaACL
_jD-1473
_z-- Rúst.
_z.- Legado M. de la Fuente
999 _c158505
_d158505